| 000 | 01072nam a2200277 i 4500 | ||
|---|---|---|---|
| 001 | bg | ||
| 245 | 0 | 0 |
_aDynamics of an agricultural landscape / _ced. by Lech Ryszkowski, Norman R. French and Andrzej Kędziora ; contrib. _nA. Bartoszewicz [et al.]. |
| 260 |
_aPoznań : _bPaństwowe Wydaw. Rolnicze i Leśne, _c1996. |
||
| 300 |
_a223 s. : _bil. ; _c24 cm. |
||
| 504 | _aBibliogr. przy pracach. | ||
| 650 | 9 |
_aKrajobraz _xzagadnienia _zPolska |
|
| 650 | 9 |
_aRolnictwo _xekologia _zPolska |
|
| 650 | 9 |
_aRolnictwo a środowisko człowieka _xbadanie _zPolska |
|
| 700 | 1 |
_aRYSZKOWSKI, Lech _d((1931- )). _eRed. |
|
| 700 | 1 | _aFRENCH, Norman R. | |
| 700 | 1 | _aKĘDZIORA, Andrzej | |
| 700 | 1 | _aBARTOSZEWICZ, A. | |
| 020 | _a8309016735 | ||
| 040 | _cBPK | ||
| 041 | 0 | _aeng | |
| 080 | _a502.6:719:631.95](438) | ||
| 920 | _a83-09-01673-5 | ||
| 942 | _cKS | ||
| 008 | s pl f |000 0 pol | ||
| 999 |
_c42895 _d42895 |
||
| 856 |
_uhttp://koha.tu.koszalin.pl/cgi-bin/koha/opac-detail.pl?biblionumber=42895 _yKatalog online BPK |
||